Human resource management /

Uloženo v:
Podrobná bibliografie
Hlavní autor: DeCenzo, David A.
Médium: Kniha
Jazyk:English
Vydáno: New York : John Wiley and Sons, 1999.
Vydání:6th ed.
Témata:
Tagy: Přidat tag
Žádné tagy, Buďte první, kdo otaguje tento záznam!
Thư viện lưu trữ: Mạng thư viện Đại học Đà Nẵng
LEADER 00815cam a2200325 i 4500
001 000046280
003 5740
005 20030326110719.0
008 010220|1999 vm 000 eng
020 |a 0471299898 
040 |a IRC  |c IRC  |d IRC 
041 0 |a eng 
082 1 4 |a 658.3  |b DE-D 
100 1 |a DeCenzo, David A. 
245 0 0 |a Human resource management /  |c David A. DeCenzo. 
250 |a 6th ed. 
260 |a New York :  |b John Wiley and Sons,  |c 1999. 
300 |a xxi, 546p. :  |b col. ill. 
630 0 4 |a Personnel management. 
650 0 4 |a Personnel management. 
OWN |a DUT 
999 |a From the UDN01 
TYP |a Monograph 
TYP |a Printed language 
980 |a Mạng thư viện Đại học Đà Nẵng